02321nam a2200349 450000100030000000300040000300500170000700800410002404000080006504100130007308200150008610000390010124000240014024501020016425000190026626000320028530000110031749000340032850000580036252013480042065000250176865000140179365000130180765000130182065000210183365000150185465000100186965500120187965500160189170000300190783000340193765OSt20250528074010.0250123b |||||||j |||| 00| 1 eng d bpor hengapor a813bB811b1 aBradley, Marion Zimmer,d1930-1999 aThe Mists of Avalon aAs brumas de Avalon:bA grande Rainha /cBradley, Marion Zimmer ; Tradução de Waltensir Dutra a9° edição aRio de JaneirobImagoc1985 a267 p.1 aAs Brumas de Avalonvlivro 02 aA grande rainha Sequência de: A senhora da magia  aEste retorno imaginativo à lenda arturiana contada por suas sacerdotisas pagãs continua com o Livro Dois: A Alta Rainha. Morgana, finalmente reconciliada com o nascimento de seu filho, deve entregá-lo à sua tia Morgause em troca do segredo guardado sobre sua ascendência. Arthur se casa com a tímida, mas obediente Gwenhwyfar, enquanto guerras em andamento com os invasores saxões continuam a assolar a terra. Morgana, cansada das preocupações mundanas, tenta retornar a Avalon, mas desaparece sem deixar vestígios em algum lugar perto do fim de sua jornada. Em uma última tentativa de paz, Arthur compromete sua lealdade a Avalon ao carregar a bandeira cristã para a batalha. A incapacidade de Gwenhwyfar de conceber faz com que o reino desespere por um herdeiro ao trono, enquanto nos bastidores, seu amor por Lancelote se torna mais apaixonado e desesperado. Ler As Brumas de Avalon é uma experiência profundamente tocante, e muitas vezes fantástica. Um resultado impressionante. - THE NEW YORK TIMES BOOK REVIEW O enredo elaborado com maestria e a escrita maravilhosa de As Brumas de Avalon jogam nova luz a antigos personagens, em especial Morgana das Fadas, Merlim, Lancelote e Gwenhwyfar. Um romance épico, com violência, ambição, lealdades dolorosas e feitiços assombrosos. - PUBLISHERS WEEKLY 0aLiteratura Americana 0aMedieval  0aFantasia 0aAventura 0aSeres mágicos  0aMitologia  0aFilme 0aRomance 0aFicção  aWaltensir DutraeTradutor aAs Brumas de AvalonvLivro 02